Statistiken für Feldhockey-Meister der Herren

Klicken Sie hier um das Quiz zu spielen!

Allgemein

  • Dieses Quiz wurde 39 mal gespielt
  • Das Durchschnittsergebnis liegt bei 29 aus 80

Antwortstatistiken

JahrMeister% Korrekt
1937Berliner SC
58%
1938Berliner SC
58%
1941Berliner HC
54%
1942Berliner HC
54%
2011Der Club an der Alster
50%
2007Der Club an der Alster
50%
2008Der Club an der Alster
50%
2003Der Club an der Alster
50%
2001Der Club an der Alster
50%
2004Der Club an der Alster
50%
1999Der Club an der Alster
50%
2005HTC Stuttgarter Kickers
50%
2017Mannheimer HC
50%
2021Rot-Weiß Köln
50%
1973Rot-Weiß Köln
50%
1972Rot-Weiß Köln
50%
1974Rot-Weiß Köln
50%
2022Rot-Weiß Köln
50%
2015Rot-Weiß Köln
50%
2009Rot-Weiß Köln
50%
2013Rot-Weiß Köln
50%
2016Rot-Weiß Köln
50%
2010Rot-Weiß Köln
50%
2020Rot-Weiß Köln
50%
2019Uhlenhorst Mülheim
50%
2018Uhlenhorst Mülheim
50%
1964Uhlenhorst Mülheim
50%
1960Uhlenhorst Mülheim
50%
1958Uhlenhorst Mülheim
50%
1957Uhlenhorst Mülheim
50%
1985Uhlenhorst Mülheim
50%
1986Uhlenhorst Mülheim
50%
1987Uhlenhorst Mülheim
50%
1988Uhlenhorst Mülheim
50%
1991Uhlenhorst Mülheim
50%
1955Uhlenhorst Mülheim
50%
1954Uhlenhorst Mülheim
50%
1994Uhlenhorst Mülheim
50%
1995Uhlenhorst Mülheim
50%
1950Uhlenhorst Mülheim
50%
1997Uhlenhorst Mülheim
50%
1990Uhlenhorst Mülheim
50%
1944LSV Hamburg
46%
1989SC Frankfurt 1880
38%
1969SC Frankfurt 1880
38%
1970SC Frankfurt 1880
38%
2006Crefelder HTC
33%
1966Gladbacher HTC
29%
2002Gladbacher HTC
29%
1981Gladbacher HTC
29%
2012Berliner HC
21%
1965Berliner HC
21%
1963Berliner HC
21%
1962Berliner HC
21%
1961Berliner HC
21%
1993Dürkheimer HC
21%
1992Dürkheimer HC
21%
2014Harvestehuder THC
21%
2000Harvestehuder THC
21%
1998Harvestehuder THC
21%
1996Harvestehuder THC
21%
1982HC Heidelberg
21%
1983TG Frankenthal
21%
1979TG Frankenthal
21%
1980TG Frankenthal
21%
1952Klipper THC
17%
1984Limburger HC
17%
1977Rüsselsheimer RK
17%
1971Rüsselsheimer RK
17%
1978Rüsselsheimer RK
17%
1975Rüsselsheimer RK
17%
1968Rüsselsheimer RK
17%
1951Club Raffelberg
13%
1953Club Raffelberg
13%
1956SC Brandenburg
8%
1959SC Brandenburg
8%
1940Berliner SV 92
4%
1976Schwarz-Weiß Köln
4%
1943TSV Sachsenhausen 1857
4%
1939TSV Sachsenhausen 1857
4%

Verteilung der Resultate

Perzentil nach korrekt beantworteten Fragen

Anzahl Personen mit jedem Resultat

Ihre Resultats-Entwicklung

Sie haben dieses Quiz noch nicht gespielt